00481 a2200157 4500001000700000020000600007040001100013100004000024240005600064245005100120362000900171697001500180942000700195952010200202999001900304168996 a  cMagnum aOliveira, Claudio Brandao de (Org.)10aConstituicao da republica federativa do brasillpor10aConstituicao da republica federativa do brasil0 a1899 aLEGISLACAO cBK 00104070a32.5b32.5d2024-06-08l0oLI.06726pMAG00013545r2024-06-08 20:41:26w2024-06-08yBK c168996d168996